| 000 | 01767nam a2200481 i 4500 | ||
|---|---|---|---|
| 001 | xx004600185 | ||
| 003 | NUKAT | ||
| 005 | 20260327115238.0 | ||
| 008 | 190425s2019 pl a |001 0dpol c | ||
| 020 |
_a9788393746149 _q(oprawa twarda) |
||
| 035 | _a(OCoLC)1100379518 | ||
| 035 | _a(NUKAT)xx004600185 | ||
| 040 |
_aWA U/JK _bpol _erda _cWA U/JKs _dWA U/EBA _dOLSZT 008/bak |
||
| 041 | 1 |
_apol _hlat |
|
| 046 |
_k1439?~ _l1468?~ _2edtf |
||
| 100 | 1 |
_aTurrecremata, Joannes de _d(1388-1468). _eAutor _939044 |
|
| 245 | 1 | 0 |
_aSuma o Kościele / _cJuan Torquemada = Johannes de Turrecremata = Jan ze Spalonej Wieży ; z wydania w Lyonie 1496 przełożył Julian Wojtkowski. |
| 246 | 1 |
_iTytuł oryginału: _aSumma de Ecclesia |
|
| 260 |
_aOlsztyn : _bArcybiskup Metropolita Warmiński, _c2019. |
||
| 300 |
_a694, [2] strony tablic : _bilustracje ; _c30 cm. |
||
| 336 |
_aTekst _btxt _2rdacontent |
||
| 337 |
_aBez urządzenia pośredniczącego _bn _2rdamedia |
||
| 338 |
_aWolumin _bnc _2rdacarrier |
||
| 380 | _aKsiążki | ||
| 380 | _aPublikacje naukowe | ||
| 380 | _aPublikacje religijne | ||
| 388 | 1 | _a1401-1500 | |
| 504 | _aIndeksy. | ||
| 610 | 2 | 7 |
_aKościół katolicki _2DBN _937102 |
| 650 | 7 |
_aEklezjologia _2DBN _939045 |
|
| 650 | 7 |
_aHerezje _2DBN _939046 |
|
| 650 | 7 |
_aPapiestwo _2DBN _935590 |
|
| 650 | 7 |
_aSchizmy _2DBN _939047 |
|
| 650 | 7 |
_aSynody i sobory _2DBN _939048 |
|
| 650 | 7 |
_aTeologia katolicka _2DBN _935194 |
|
| 650 | 7 |
_aKościół katolicki _y15 w. _vdzieła przed 1800. _2kaba _939050 |
|
| 650 | 7 |
_aUltramontanizm. _2kaba _939049 |
|
| 655 | 7 |
_aSumma _2DBN _939051 |
|
| 658 | _aReligia i duchowość | ||
| 700 | 1 |
_aWojtkowski, Julian _d(1927-2026). _eTłumaczenie _912728 |
|
| 920 | _a978-83-937461-4-9 (oprawa twarda) | ||
| 942 |
_2ddc _cBK_NM |
||
| 999 |
_c27294 _d27294 |
||